000 00559nam a22001817a 4500
005 20251108165200.0
008 250721s1992 xx 000 0 ara d
082 1 4 _a581/شعر
100 1 _aالشعراوي، عبد الفتاح إبراهيم
245 1 0 _aالنبات الزراعي /
264 1 _aالقاهرة :
_bجامعة القاهرة،
_c1992.
300 _a232ص
650 1 7 _aعلم النبات
700 1 _aالسحار، قاسم فؤاد
700 1 _aنصار، محمد عبد العزيز
942 _2ddc
_cBK
999 _c21506
_d21506